Jokes in Reverse Quiz Stats

 Plays Quiz Updated Jul 28, 2016

Also try: Stupid Food Jokes
Challenge
Share
Tweet
Embed
Score 0/16 Timer 07:00
3 Plays Today
% Correct
Why did the cookie to go the doctor?
96.9%
What did the pirate say when he turned 80?
96.9%
And the Lord said unto John, 'Come forth and you will receive eternal life'
96.6%
Why can't you hear a pterodactyl going to the bathroom?
96.5%
I tried to catch fog yesterday.
96.5%
A drum set falls off a cliff.
96.3%
What did the gang member say when several houses fell on top of him?
96.2%
Why don't oysters share their pearls?
96.2%
% Correct
I took the shell off my racing snail, thinking it would make him run faster.
96.1%
A man was listening to a radio warning that there's a car going the wrong way on Interstate 90.
96%
How does a joke become a dad joke?
96%
What has a bottom at its top?
95.7%
Did you hear about the cross eyed teacher who lost her job?
95.6%
Did you hear about the ATM that got addicted to money?
95.5%
Why do cows wear bells?
95.3%
I told my wife she was drawing her eyebrows too high.
92.7%

You're not logged in!

Compare scores with friends on all Sporcle quizzes.
Join for Free
OR
Log In

You Might Also Like...

Show Comments

Extras

Top Quizzes Today


Score Distribution

Your Account Isn't Verified!

In order to create a playlist on Sporcle, you need to verify the email address you used during registration. Go to your Sporcle Settings to finish the process.

Report this User

Report this user for behavior that violates our Community Guidelines.

Details: